[Event "Banff op"]
[Site "Banff"]
[Date "2023.11.11"]
[Round "4"]
[White "Xu, Joey"]
[Black "Burrows, Zachary"]
[Result "1/2-1/2"]
[WhiteElo "1502"]
[BlackElo "2001"]
[PlyCount "59"]
[EventDate "2023.11.10"]
[EventType "swiss"]
[EventRounds "6"]
[EventCountry "CAN"]
[SourceTitle "CB47_2023"]
[SourceDate "2023.11.22"]
[SourceVersion "1"]
[SourceVersionDate "2023.11.22"]
[SourceQuality "1"]

1. e4 d5 2. exd5 Qxd5 3. Nf3 Bg4 4. Be2 Bxf3 5. Bxf3 Qe5+ 6. Qe2 Qxe2+ 7. Kxe2 c6 8. d4 e6 9. Bf4 Nd7 10. c4 Ngf6 11. Nc3 Bb4 12. Rac1 0-0 13. a3 Be7 14. Rhd1 Rad8 15. d5 e5 16. Be3 cxd5 17. Nxd5 Bxa3 18. bxa3 e4 19. Nxf6+ Nxf6 20. Bxa7 exf3+ 21. Kxf3 Ra8 22. Bc5 Rfc8 23. Bb4 Ra6 24. Rd6 Raa8 25. Rcd1 h6 26. R1d4 Nh7 27. h4 Nf8 28. Rb6 Ne6 29. Re4 Rc7 30. c5 1/2-1/2

[Event "Guelph Spring Pro-Am"]
[Site "Guelph"]
[Date "2019.04.14"]
[Round "5.4"]
[White "Brajkovic, Nikola"]
[Black "Burrows, Zachary"]
[Result "1/2-1/2"]
[WhiteElo "2005"]
[BlackElo "2194"]
[PlyCount "80"]
[EventDate "2019.04.13"]
[EventType "swiss"]
[EventRounds "5"]
[EventCountry "CAN"]
[SourceTitle "EXT 2022"]
[Source "ChessBase"]
[SourceDate "2021.10.06"]
[SourceVersion "1"]
[SourceVersionDate "2021.10.06"]
[SourceQuality "1"]

1. e4 c5 2. Nc3 Nc6 3. d3 Nf6 4. Be3 d6 5. Be2 g6 6. h3 Bg7 7. f4 Nd4 8. Qd2 Qa5 9. g4 b5 10. Nf3 Nxe2 11. Kxe2 b4 12. Nd1 Ba6 13. Kf2 c4 14. Kg2 c3 15. bxc3 bxc3 16. Qf2 0-0 17. Bd4 Rac8 18. Bxa7 Qa4 19. Bd4 Bb7 20. Re1 d5 21. e5 Ne4 22. dxe4 dxe4 23. Kg3 exf3 24. Nxc3 Qc4 25. Ne4 Qxc2 26. Qxc2 Rxc2 27. Kxf3 Rd8 28. Ke3 Rc4 29. Red1 f6 30. Nf2 Ra4 31. a3 fxe5 32. Bxe5 Rxd1 33. Rxd1 Rxa3+ 34. Rd3 Rxd3+ 35. Nxd3 Bg2 36. Bxg7 Kxg7 37. h4 Kf6 38. Kf2 Be4 39. Ne5 Bd5 40. Kg3 Be4 1/2-1/2

[Event "Guelph Spring Pro-Am"]
[Site "Guelph"]
[Date "2019.04.13"]
[Round "1.4"]
[White "Burrows, Zachary"]
[Black "Gooding, Gordon"]
[Result "1/2-1/2"]
[WhiteElo "2194"]
[BlackElo "2055"]
[PlyCount "89"]
[EventDate "2019.04.13"]
[EventType "swiss"]
[EventRounds "5"]
[EventCountry "CAN"]
[SourceTitle "EXT 2022"]
[Source "ChessBase"]
[SourceDate "2021.10.06"]
[SourceVersion "1"]
[SourceVersionDate "2021.10.06"]
[SourceQuality "1"]

1. e4 d5 2. exd5 Nf6 3. Nc3 Nxd5 4. Nxd5 Qxd5 5. Qf3 Qxf3 6. Nxf3 Nc6 7. Bb5 Bd7 8. 0-0 e6 9. c3 Bd6 10. d4 0-0 11. Ng5 a6 12. Bd3 h6 13. Ne4 Be7 14. Bf4 Rac8 15. Rad1 Rfd8 16. Rfe1 Be8 17. Nc5 Bxc5 18. dxc5 Kf8 19. Be4 Ke7 20. b4 Rxd1 21. Rxd1 Rd8 22. Rxd8 Kxd8 23. a3 Kc8 24. c4 Ne7 25. Bd3 Ba4 26. Kf1 f6 27. Bd2 Kd7 28. Ke2 e5 29. f4 Ke6 30. g4 Bc6 31. fxe5 f5 32. b5 Bh1 33. gxf5+ Nxf5 34. Bxf5+ Kxf5 35. Ke3 g5 36. Kd4 c6 37. a4 Bg2 38. Be1 h5 39. Bg3 Bf1 40. Be1 Be2 41. Bd2 g4 42. Be1 Bd1 43. a5 Bc2 44. Bh4 Bb1 45. Be1 1/2-1/2

[Event "Gibraltar Challengers-B 14th"]
[Site "Caleta"]
[Date "2016.02.02"]
[Round "4"]
[White "Toval Lopez, Alberto"]
[Black "Burrows, Zachary"]
[Result "1/2-1/2"]
[WhiteElo "1952"]
[BlackElo "2074"]
[PlyCount "68"]
[EventDate "2016.01.30"]
[EventType "swiss"]
[EventRounds "5"]
[EventCountry "GGB"]
[SourceTitle "CBM 170 Extra"]
[Source "ChessBase"]
[SourceDate "2016.02.25"]
[SourceVersion "1"]
[SourceVersionDate "2016.02.25"]
[SourceQuality "1"]

1. e4 d5 2. exd5 Qxd5 3. Nc3 Qa5 4. Bc4 Nf6 5. d3 Nc6 6. Bd2 Bg4 7. f3 Qe5+ 8. Qe2 Qxe2+ 9. Ngxe2 Bd7 10. 0-0-0 e6 11. Nb5 0-0-0 12. Rhe1 a6 13. Nbd4 Ne5 14. Nc3 Bd6 15. Bb3 Ng6 16. Nde2 h6 17. g3 Ne5 18. Rf1 Rhf8 19. Ne4 Nxe4 20. fxe4 c5 21. Ng1 b5 22. Bc3 f6 23. Nf3 Nxf3 24. Rxf3 e5 25. Rf2 Bg4 26. Re1 Bc7 27. Bd5 Bb6 28. Bd2 Rd6 29. Be3 Rfd8 30. b3 Kc7 31. c4 b4 32. Rh1 Bh3 33. Rg1 Bg4 34. h3 Bd7 1/2-1/2

[Event "Gibraltar Challengers-B 14th"]
[Site "Caleta"]
[Date "2016.01.30"]
[Round "1"]
[White "Burrows, Zachary"]
[Black "Bonillo Coll, Alex"]
[Result "1-0"]
[WhiteElo "2074"]
[BlackElo "1835"]
[PlyCount "87"]
[EventDate "2016.01.30"]
[EventType "swiss"]
[EventRounds "5"]
[EventCountry "GGB"]
[SourceTitle "CBM 170 Extra"]
[Source "ChessBase"]
[SourceDate "2016.02.25"]
[SourceVersion "1"]
[SourceVersionDate "2016.02.25"]
[SourceQuality "1"]

1. d4 d5 2. Bg5 f6 3. Bf4 Nc6 4. Nf3 Bg4 5. c4 e6 6. Nc3 Bxf3 7. exf3 Bb4 8. a3 Bxc3+ 9. bxc3 Nge7 10. Be2 0-0 11. 0-0 Ng6 12. Be3 Na5 13. Qa4 Nxc4 14. Bxc4 dxc4 15. Qxc4 Qd5 16. Qxd5 exd5 17. Rab1 b6 18. Rfc1 Rad8 19. a4 Rf7 20. g3 Nf8 21. Rc2 Ne6 22. f4 f5 23. Kf1 c5 24. Rb5 Nc7 25. Rb1 c4 26. Bc1 Rb8 27. Ba3 Ne8 28. Re2 Nc7 29. Re5 Rd8 30. Rbe1 a6 31. Rb1 b5 32. a5 Ne8 33. f3 g6 34. Rbe1 Nd6 35. Rxd5 Rfd7 36. Re6 Nb7 37. Rxd7 Rxd7 38. Rxa6 Nd8 39. Rd6 Rxd6 40. Bxd6 Nc6 41. a6 Kf7 42. d5 Na7 43. Bc5 Nc8 44. a7 1-0

[Event "Canadian op U2400"]
[Site "Montreal"]
[Date "2014.07.25"]
[Round "8"]
[White "Burrows, Zachary"]
[Black "Tonakanian, Stephan"]
[Result "1/2-1/2"]
[WhiteElo "2138"]
[BlackElo "1922"]
[PlyCount "153"]
[EventDate "2014.07.19"]
[EventType "swiss"]
[EventRounds "9"]
[EventCountry "CAN"]
[SourceTitle "EXT 2022"]
[Source "ChessBase"]
[SourceDate "2021.10.06"]
[SourceVersion "1"]
[SourceVersionDate "2021.10.06"]
[SourceQuality "1"]

1. e4 e6 2. Qe2 Be7 3. Nf3 d5 4. e5 c5 5. d4 Nc6 6. c3 Qb6 7. Qb5 Bd7 8. Qxb6 axb6 9. Na3 Na7 10. Be2 h5 11. Bd2 Nh6 12. 0-0 Nf5 13. Nc2 Bb5 14. Bxb5+ Nxb5 15. a4 Nc7 16. Rfc1 Kd7 17. b3 Ra6 18. Kf1 Rha8 19. Rab1 Rg8 20. Ne3 Nxe3+ 21. Bxe3 Rc8 22. Ke2 f6 23. Rc2 Rca8 24. c4 Rc8 25. Rd1 Ke8 26. g3 Kf7 27. h3 dxc4 28. Rxc4 Nd5 29. dxc5 bxc5 30. Rdc1 b6 31. Bd2 Ra7 32. g4 hxg4 33. Rxg4 Rh8 34. h4 Rh5 35. Rcg1 Bf8 36. Re4 Rd7 37. Ra1 Ne7 38. a5 bxa5 39. Rxa5 Nc6 40. Ra6 Nd4+ 41. Nxd4 Rxd4 42. Rxd4 cxd4 43. exf6 gxf6 44. b4 Rxh4 45. b5 Rh3 46. f3 d3+ 47. Kxd3 Rxf3+ 48. Kc4 Ra3 49. Rc6 Ra4+ 50. Kb3 Ra1 51. b6 Rb1+ 52. Kc4 Be7 53. Be3 Bd8 54. Bc5 Bxb6 55. Rxb6 Rxb6 56. Bxb6 Kg6 57. Kd3 Kf5 58. Ke3 e5 59. Bc7 Ke6 60. Bd8 f5 61. Bg5 Kf7 62. Kf3 Kg6 63. Bd2 Kf6 64. Bh6 Ke6 65. Bd2 Kd5 66. Bh6 Kd4 67. Be3+ Kd3 68. Kf2 Ke4 69. Bc1 f4 70. Bb2 Kf5 71. Bxe5 Kxe5 72. Kf3 Kf5 73. Kf2 Ke4 74. Ke2 f3+ 75. Kf2 Kf4 76. Kf1 Kg3 77. Kg1 1/2-1/2

[Event "Canadian op U2400"]
[Site "Montreal"]
[Date "2014.07.21"]
[Round "4"]
[White "Burrows, Zachary"]
[Black "Le Duin, Thierry"]
[Result "1/2-1/2"]
[WhiteElo "2138"]
[BlackElo "2062"]
[PlyCount "95"]
[EventDate "2014.07.19"]
[EventType "swiss"]
[EventRounds "9"]
[EventCountry "CAN"]
[SourceTitle "EXT 2022"]
[Source "ChessBase"]
[SourceDate "2021.10.06"]
[SourceVersion "1"]
[SourceVersionDate "2021.10.06"]
[SourceQuality "1"]

1. e4 d5 2. exd5 Nf6 3. d4 Bg4 4. Nf3 Qxd5 5. Nc3 Qh5 6. Be2 Nc6 7. h3 0-0-0 8. 0-0 e5 9. d5 Bc5 10. Ng5 Bxe2 11. Qxe2 Qxe2 12. Nxe2 Rxd5 13. Nxf7 Re8 14. Ng5 e4 15. h4 Ng4 16. Nc3 Rde5 17. Bf4 R5e7 18. Nd5 Rd7 19. Ne3 Nxe3 20. Bxe3 Bxe3 21. fxe3 h6 22. Nh3 Ne5 23. Rae1 Rd2 24. Rf2 Red8 25. Rfe2 Nc4 26. b3 Na3 27. Nf2 Rxc2 28. Nxe4 Re8 29. Nf2 Rd8 30. Ne4 Re8 31. Nf2 Rxe2 32. Rxe2 Nb5 33. Nd1 Re4 34. g3 Kd7 35. Kf2 Ke7 36. Rc2 c6 37. Kf3 Re5 38. Rc4 Ke6 39. Nf2 Rf5+ 40. Ke2 Nd6 41. Ra4 a6 42. Nd3 g5 43. hxg5 hxg5 44. Rg4 Ra5 45. a4 Nf7 46. Rb4 Nd6 47. Rg4 Nf7 48. Rb4 1/2-1/2